000 00754nam a2200253 i 4500
001 C2-0329165
003 PPAK
005 20180728130309.0
008 141201s2007 my |||| ||||| | eng d
020 _a9789833794119
040 _aPPAK
_beng
_cPPAK
_erda
082 0 4 _a658.3
_223
090 0 0 _a658.3
_bIBR
_dG
100 0 _aIbrahim Ariff,
_eauthor
245 1 2 _aA practical guide to effective human resources management
264 1 _aPetaling Jaya, Selangor :
_bLeeds Publications ,
_c2007
300 _aviii, 252 pages ;
_c19 cm
336 _2rdacontent
_atext
337 _2rdamedia
_aunmediated
338 _2rdacarrier
_avolume
500 _aIncludes indexes
650 1 0 _aPersonnel management - Handbooks, manuals, etc.
942 _ddc
_cB
999 _c128421
_d128421